Online
Catalog
Normal view MARC view

Entry Nombre personal

Number of records used in: 14

001 - NÚMERO DE CONTROL

  • campo de control: 7695

003 - IDENTIFICADOR DEL NÚMERO DE CONTROL

  • campo de control: BNPHU

005 - FECHA Y HORA DE LA ÚLTIMA TRANSACCIÓN

  • campo de control: 20240304144221.0

008 - DATOS DE LONGITUD FIJA

  • campo de control de longitud fija: 200615|| aca||aabn | a|a d

040 ## - FUENTE DE LA CATALOGACIÓN

  • Centro catalogador/agencia de origen: DO-SdBNP
  • Lengua de catalogación: spa
  • Centro/agencia transcriptor: BNPHU
  • Normas de descripción: rda

100 1# - ENCABEZAMIENTO-NOMBRE DE PERSONA

  • Nombre de persona: Cáceres Ureña, Francisco I.

370 ## - LUGAR ASOCIADO

  • Lugar de nacimiento: República Dominicana

372 ## - CAMPO DE ACTIVIDAD

  • Campo de actividad: Estadística

373 ## - GRUPO ASOCIADO

  • Grupo asociado: República Dominicana. Oficina Nacional de Estadística

375 ## - GÉNERO/SEXO

  • Género/Sexo: Masculino

377 ## - LENGUA/LENGUAJE ASOCIADO

  • Código del idioma: spa

400 1# - TRAZADO DE VÉASE--NOMBRE DE PERSONA

  • Nombre de persona: Ureña, Francisco I. Cáceres

400 1# - TRAZADO DE VÉASE--NOMBRE DE PERSONA

  • Nombre de persona: Cáceres, Francisco
  • Forma completa/desarrollada del nombre: (Francisco I. Cáceres Ureña)

670 ## - FUENTE DE DATOS ENCONTRADOS

  • Cita de la fuente: Work cat.: (OSt)2267: Madres adolecentes en República Dominicana 1996 /, 1997.

670 ## - FUENTE DE DATOS ENCONTRADOS

  • Cita de la fuente: El incremento de la maternidad adolescente ... 1998

670 ## - FUENTE DE DATOS ENCONTRADOS

  • Cita de la fuente: Cáceres Ureña, Francisco I. El consumo de drogas en la República Dominicana y su vínculo con el VIH/SIDA, 2000

670 ## - FUENTE DE DATOS ENCONTRADOS

  • Cita de la fuente: IX censo nacional de población y vivienda 2010, junio del 2012-abril del 2013

Powered by Koha